• 首页
  • 本馆介绍
  • 公告通知
  • 最新文献
  • 馆藏检索
  • 电子资源
  • 读者导购
  • 参考咨询
  • 我的图书馆
  • 登录
  • 详细信息显示
  • 放入我的书架
  • 预约/预借图书
  • 作者相关作品
  • 分类相关作品
  • 丛书相关作品
  • 出版社相关作品

书目信息

  • 表格格式
  • 工作单格式
  • 卡片格式
题名:
实用生活日本语
    
 
作者: 宫伟 , 桥本惠子 主编
分册:  
出版信息: 大连   大连出版社  2012
页数: 209页
开本: 23cm
丛书名:
单 册:
中图分类: H369.9
科图分类:
主题词: 日语--ri yu--口语
电子资源:
ISBN: 978-7-5505-0225-3
000 01031nam0 2200253 450
001 2334668170
005 20231218141112.79
010    @a978-7-5505-0225-3@dCNY31.00
010    @a978-7-900783-73-8@b光盘
100    @a20120206d2012 em y0chiy50 ea
101 0  @achi@ajpn
102    @aCN@b210000
105    @aa z 000yy
200 1  @a实用生活日本语@Ashi yong liu xue ri ben yu@f宫伟, (日) 桥本惠子主编
210    @a大连@c大连出版社@d2012
215    @a209页@c图@d23cm
330    @a本书以中国大学王林、李珊珊与日本留学生与山田胜也、宫崎静香的日常生活为主线, 设置了12个会话专题, 再现了56个留学生活情景, 包括: 日常交际、电话通讯、逛街购物、乘车问路等, 通过中国人与日本人在日常生活中相处、交流的点滴记录, 教给日语学习者与日本人交流的完美表达, 满足学习者在各种情景中用日语交流的需要。
517 1  @a生活日本语@Aliu xue ri ben yu
606 0  @a日语@Ari yu@x口语
690    @aH369.9@v5
701  0 @a宫伟@Agong wei@4主编
701  0 @a桥本惠子@Aqiao ben hui zi@4主编
801  0 @aCN@b湖北三新@c20120217
905    @aZUCC@dH369.9@e12
    
    实用生活日本语/宫伟, (日) 桥本惠子主编.-大连:大连出版社,2012
    209页:图;23cm
    
    
    ISBN 978-7-5505-0225-3:CNY31.00
    本书以中国大学王林、李珊珊与日本留学生与山田胜也、宫崎静香的日常生活为主线, 设置了12个会话专题, 再现了56个留学生活情景, 包括: 日常交际、电话通讯、逛街购物、乘车问路等, 通过中国人与日本人在日常生活中相处、交流的点滴记录, 教给日语学习者与日本人交流的完美表达, 满足学习者在各种情景中用日语交流的需要。
●
相关链接 在五车中查询图书 在当当中查询图书 在豆瓣中查询图书


正题名:实用生活日本语     索取号:H369.9/12         预约/预借

序号 登录号 条形码 馆藏地/架位号 状态 备注
1 2001305827   2001305827   322书库/ [索取号:H369.9/12] 在馆    
2 2001305828   2001305828   322书库/ [索取号:H369.9/12] 在馆    
3 2001305829   2001305829   322书库/ [索取号:H369.9/12] 在馆    
4 2001305830   2001305830   322书库/ [索取号:H369.9/12] 在馆    
5 2001305831   2001305831   322书库/ [索取号:H369.9/12] 在馆    
6 2001305832   2001305832   322书库/ [索取号:H369.9/12] 在馆    
7 2001305833   2001305833   322书库/ [索取号:H369.9/12] 在馆    
8 2001305834   2001305834   322书库/ [索取号:H369.9/12] 在馆    
9 2001305835   2001305835   322书库/ [索取号:H369.9/12] 在馆    
10 2001305836   2001305836   322书库/ [索取号:H369.9/12] 在馆    
11 2001305837   2001305837   322书库/ [索取号:H369.9/12] 在馆    
12 2001305838   2001305838   322书库/ [索取号:H369.9/12] 在馆    
13 2001305839   2001305839   322书库/ [索取号:H369.9/12] 在馆    
14 2001305840   2001305840   322书库/ [索取号:H369.9/12] 在馆    
15 2001305841   2001305841   322书库/ [索取号:H369.9/12] 在馆    
16 2001305842   2001305842   322书库/ [索取号:H369.9/12] 在馆    
17 2001305843   2001305843   322书库/ [索取号:H369.9/12] 在馆    
18 2001305844   2001305844   322书库/ [索取号:H369.9/12] 在馆    
19 2001305845   2001305845   322书库/ [索取号:H369.9/12] 在馆    
20 2001305846   2001305846   322书库/ [索取号:H369.9/12] 在馆    
21 2001305847   2001305847   322书库/ [索取号:H369.9/12] 在馆    
22 2001305848   2001305848   322书库/ [索取号:H369.9/12] 在馆    
23 2001305849   2001305849   322书库/ [索取号:H369.9/12] 在馆    
24 2001305850   2001305850   322书库/ [索取号:H369.9/12] 在馆    
25 2001305851   2001305851   315书库/ [索取号:H369.9/12] 在馆    
26 2001305852   2001305852   315书库/ [索取号:H369.9/12] 在馆    
27 2001305853   2001305853   315书库/ [索取号:H369.9/12] 在馆    
28 2001305854   2001305854   315书库/ [索取号:H369.9/12] 在馆    
29 2001305855   2001305855   315书库/ [索取号:H369.9/12] 在馆    
30 2001305856   2001305856   315书库/ [索取号:H369.9/12] 在馆    
山东省滨州职业学院图书馆 欢迎您!
大连网信软件有限公司© 版权所有